| 000 | 00728cam a2200253 4500 | ||
|---|---|---|---|
| 008 | 090401t1996 xxu||||| |||| 00| 0 eng d | ||
| 020 | _a0854067809 | ||
| 035 | _a(Sirsi) u66164 | ||
| 041 | _aeng | ||
| 050 | _a338.4569 | ||
| 090 | _aRICS 1996/59ABCD | ||
| 110 |
_aRoyal Institution of Chartered Surveyors _94900 |
||
| 245 | _aForecasting : a guide for the surveying profession. | ||
| 260 |
_aLondon _bRICS _c1996 |
||
| 350 | _a6.5 | ||
| 520 | _aWithdrawn from publication (12/96). | ||
| 650 | _aCONSTRUCTION FORECASTS | ||
| 650 | _aECONOMIC FORECASTS | ||
| 650 | _aGUIDANCE NOTES | ||
| 650 | _aPRINT-TO-ORDER PUBLICATIONS | ||
| 690 | _aBUILDING AND CONSTRUCTION-ECONOMICS | ||
| 942 | _n0 | ||
| 948 | _c04/03/1997 | ||
| 999 |
_c94824 _d94824 |
||